Every Song by Alabama - Statistics

General Stats
  • This quiz has been taken 10 times
  • The average score is 12 of 256
Answer Stats
Album Song % Correct
Mountain Music(1982) Mountain Music
90%
The Closer You Get...(1983) Dixieland Delight
70%
40-Hour Week(1985) 40 Hour Week (For a Livin')
60%
Feels So Right(1981) Feels So Right
60%
Roll On(1984) Roll On (Eighteen Wheeler)
60%
Cheap Seats(1993) Angels Among Us
50%
Christmas(1985) Christmas in Dixie
50%
Cheap Seats(1993) The Cheap Seats
50%
Feels So Right(1981) Love in the First Degree
40%
Alabama Band No. 3(1979) My Home's in Alabama
40%
Feels So Right(1981) Old Flame
40%
American Pride(1992) American Pride
30%
Mountain Music(1982) Close Enough to Perfect
30%
Southern Star(1989) High Cotton
30%
American Pride(1992) I'm in a Hurry (And Don't Know Why)
30%
In Pictures(1995) In Pictures
30%
Pass It on Down(1990) Pass It On Down
30%
Southern Drawl(2015) Southern Drawl
30%
Southern Star(1989) Southern Star
30%
When It All Goes South(2001) When It All Goes South
30%
Dancin' on the Boulevard(1997) Dancin', Shaggin' on the Boulevard
20%
Greatest Hits(1986) She and I
20%
40-Hour Week(1985) There's No Way
20%
Cheap Seats(1993) T.L.C. A.S.A.P.
20%
American Pride(1992) Between the Two of Them
10%
40-Hour Week(1985) Can't Keep A Good Man Down
10%
American Christmas(2017) Christmas Joy
10%
Pass It on Down(1990) Down Home
10%
Pass It on Down(1990) Forever's as Far as I'll Go
10%
Pass It on Down(1990) Gulf of Mexico
10%
American Pride(1992) Homesick Fever
10%
American Pride(1992) Hometown Honeymoon
10%
40-Hour Week(1985) If It Ain't Dixie (It Won't Do)
10%
Roll On(1984) If You're Gonna Play in Texas (You Gotta Have a Fiddle in the Band)
10%
Christmas(1985) Joseph and Mary's Boy
10%
Deuces Wild(1977) Lady Down on Love
10%
Pass It on Down(1990) Moonlight Lounge
10%
American Pride(1992) Once Upon a Lifetime
10%
American Pride(1992) Pictures and Memories
10%
American Pride(1992) Richard Petty Fans
10%
Deuces Wild(1977) Some Other Place, Some Other Time, Some Other Love
10%
American Pride(1992) Sometimes Out of Touch
10%
American Pride(1992) Take a Little Trip
10%
Deuces Wild(1977) Tennessee River and a Mountain, Man
10%
Wildcountry(1976) Try Me
10%
Twentieth Century(1999) Twentieth Century
10%
Alabama Band No. 3(1979) Why Lady Why
10%
American Pride(1992) You Can't Take the Country Out of Me
10%
The Touch(1986) You've Got the Touch
10%
Just Us(1987) '55
0%
Cheap Seats(1993) A Better Word for Love
0%
Christmas(1985) A Candle In The Window
0%
American Christmas(2017) Ain't Santa Cool
0%
The Closer You Get...(1983) Alabama Sky
0%
Alabama & Friends(2013) All American
0%
Wildcountry(1976) All American Woman
0%
Southern Drawl(2015) American Farmer
0%
Dancin' on the Boulevard(1997) Anytime (I'm Your Man)
0%
Southern Drawl(2015) As Long as There's Love
0%
40-Hour Week(1985) As Right Now
0%
Deuces Wild(1977) Back to Alabam'
0%
Southern Drawl(2015) Back to the Country
0%
Southern Drawl(Bonus)(2015) Backwoods Boogie
0%
Angels Among Us: Hymns & Gospel Favorites(2014) Because He Lives
0%
Greatest Hits Vol. II(1991) Born Country
0%
Feels So Right(1981) Burn Georgia Burn
0%
Dancin' on the Boulevard(1997) Calling All Angels
0%
Alabama Band No. 3(1979) Can't Forget About You
0%
Roll On(1984) Carolina Mountain Dewe
0%
Livin' Lovin' Rockin' Rollin': The 25th Anniversary Collection(2006) Caroline Mountain Dewe
0%
Mountain Music(1982) Changes Comin' On
0%
Christmas Vol. II(1996) Christmas in Your Arms
0%
Christmas Vol. II(1996) Christmas Is Love
0%
Christmas(1985) Christmas Memories
0%
Angels Among Us: Hymns & Gospel Favorites(2014) Church in the Wildwood
0%
When It All Goes South(2001) Clear Across America Tonight
0%
Cheap Seats(1993) Clear Water Blues
0%
Southern Drawl(2015) Come Find Me
0%
Roll On(1984) Country Side of Life
0%
The Touch(1986) Cruisin'
0%
Southern Star(1989) Down on the River
0%
The Closer You Get...(1983) Dixie Boy
0%
Southern Star(1989) Dixie Fire
0%
40-Hour Week(1985) Down on Longboat Key
0%
When It All Goes South(2001) Down This Road
0%
Just Us(1987) Face to Face
0%
Just Us(1987) Fallin' Again
0%
Alabama Band No. 3(1979) | Feels So Right(1981) Fantasy
0%
Pass It on Down(1990) Fire on Fire
0%
40-Hour Week(1985) Fireworks
0%
For the Record(1998) Five O'Clock 500
0%
Wildcountry(1976) Flying United
0%
Roll On(1984) Food on the Table
0%
Southern Drawl(2015) Footstompin' Music
0%
Deuces Wild(1977) Get It While It's Hot
0%
My Home's in Alabama(1980) Getting Over You
0%
Greatest Hits Vol. III(1994) Give Me One More Shot
0%
Mountain Music(1982) Gonna Have a Party
0%
Pass It on Down(1990) Goodbye (Kelly's Song)
0%
Wildcountry(1976) Guess I'm Still in Love with You
0%
Wildcountry(1976) Hanging Up My Travelin' Shoes
0%
Christmas Vol. II(1996) Hangin' 'Round the Mistletoe
0%
Christmas Vol. II(1996) Happy Birthday Jesus
0%
Christmas(1985) Happy Holidays
0%
Greatest Hits Vol. II(1991) Hats Off
0%
In Pictures(1995) Heartbreak Express
0%
Pass It on Down(1990) Here We Are
0%
Southern Drawl(2015) Hillbilly Wins the Lotto Money
0%
Feels So Right(1981) Hollywood
0%
Christmas(1985) Homecoming Christmas
0%
For the Record(1998) How Do You Fall in Love
0%
Pass It on Down(1990) I Ain't Got No Business Doin' Business Today
0%
When It All Goes South(2001) I Can't Hide My Heart
0%
When It All Goes South(2001) I Can't Love You Any Less
0%
Just Us(1987) I Can't Stop
0%
Just Us(1987) If I Could Just See You Now
0%
Southern Star(1989) If I Had You
0%
Dancin' on the Boulevard(1997) I Just Couldn't Say No
0%
Wildcountry(1976) I'll Be There, Call on Me
0%
Angels Among Us: Hymns & Gospel Favorites(2014) I'll Fly Away
0%
Wildcountry(1976) I'll Go on Loving You
0%
Twentieth Century(1999) I Love You Enough To Let You Go
0%
Twentieth Century(1999) I'm In That Kind of Mood
0%
In the Mood: The Love Songs(2003) I'm in the Mood
0%
Roll On(1984) I'm Not That Way Anymore
0%
Southern Star(1989) I'm Still Dreamin'
0%
Feels So Right(1981) I'm Stoned
0%
Angels Among Us: Hymns & Gospel Favorites(2014) I Saw the Light
0%
Just Us(1987) I Saw the Time
0%
Southern Star(1989) I Showed Her
0%
Dancin' on the Boulevard(1997) Is the Magic Still There
0%
The Touch(1986) Is This How Love Begins
0%
The Touch(1986) I Taught Her Everything She Knows
0%
Southern Drawl(2015) It's About Time
0%
The Touch(1986) It's All Comin' Back to Me Now
0%
In Pictures(1995) It Works
0%
Southern Drawl(Bonus)(2015) I've Got Some Lovin'
0%
In Pictures(1995) I've Loved a Lot More Than I've Hurt
0%
Southern Drawl(2015) I Wanna Be There
0%
Deuces Wild(1977) I Wanna Be with You Tonight
0%
My Home's in Alabama(1980) I Wanna Come Over
0%
40-Hour Week(1985) I Want to Know You Before We Make Love
0%
Christmas Vol. II(1996) I Was Young Once Too
0%
Just Us(1987) (I Wish It Could Always Be)
0%
When It All Goes South(2001) I Write a Little
0%
Angels Among Us: Hymns & Gospel Favorites(2014) Jordan's Banks
0%
Pass It on Down(1990) Jukebox in My Mind
0%
Angels Among Us: Hymns & Gospel Favorites(2014) Just a Closer Walk with Thee
0%
Alabama Band No. 3(1979) Just Along for the Radio
0%
Cheap Seats(1993) Katy Brought My Guitar Back Today
0%
For the Record(1998) Keepin' Up
0%
Alabama Band No. 3(1979) Keep On Dreamin'
0%
Angels Among Us: Hymns & Gospel Favorites(2014) Let's All Go Down to the River
0%
The Touch(1986) Let's Hear It for the Girl
0%
Twentieth Century(1999) Life's Too Short To Love This Fast
0%
Deuces Wild(1977) Lifetime Memories
0%
Angels Among Us: Hymns & Gospel Favorites(2014) Lift Me Up
0%
Twentieth Century(1999) Little Things
0%
40-Hour Week(1985) Louisiana Moon
0%
When It All Goes South(2001) Love Remains
0%
Deuces Wild(1977) Loving You Is Killing Me
0%
The Closer You Get...(1983) Lovin' Man
0%
Mountain Music(1982) Lovin' You Is Killin' Me
0%
Wildcountry(1976) Make It with You in My Mind
0%
Twentieth Century(1999) Mist of Desire
0%
Wildcountry(1976) Music Moves Me
0%
In Pictures(1995) My Love Belongs to You
0%
Wildcountry(1976) My Sweet Country Home
0%
Mountain Music(1982) Never Be One
0%
Christmas Vol. II(1996) New Year's Eve 1999
0%
Southern Drawl(2015) No Bad Days
0%
In Pictures(1995) Nothing Comes Close
0%
In the Mood: The Love Songs(2003) Nothing Comes Closer
0%
Dancin' on the Boulevard(1997) Of Course I'm Alright
0%
Just Us(1987) Old Man
0%
Southern Star(1989) Ole' Baugh Road
0%
Songs of Inspiration(2006) One Big Heaven
0%
Songs of Inspiration II(2007) One Life
0%
Dancin' on the Boulevard(1997) One More Time Around
0%
Southern Drawl(2015) One on One
0%
Cheap Seats(1993) On This Side of the Moon
0%
Southern Star(1989) Pete's Music City
0%
The Touch(1986) Pony Express
0%
Songs of Inspiration(2006) Rain
0%
Angels Among Us: Hymns & Gospel Favorites(2014) Raising Alabama
0%
Cheap Seats(1993) Reckless
0%
The Closer You Get...(1983) Red River
0%
When It All Goes South(2001) Reinvent the Wheel
0%
Feels So Right(1981) Ride the Train
0%
When It All Goes South(2001) Right Where I Am
0%
Livin' Lovin' Rockin' Rollin': The 25th Anniversary Collection(2006) Ripperly O' Tucke
0%
Dancin' on the Boulevard(1997) Sad Lookin' Moon
0%
Christmas(1985) Santa Claus (I Still Believe In You)
0%
In Pictures(1995) Say I
0%
When It All Goes South(2001) Second Chances
0%
Feels So Right(1981) See the Embers, Feel the Flame
0%
In Pictures(1995) She Ain't Your Ordinary Girl
0%
Southern Star(1989) She Can
0%
The Closer You Get...(1983) She Put the Sad in All His Songs
0%
Dancin' on the Boulevard(1997) She's Got That Look in Her Eyes
0%
40-Hour Week(1985) (She Won't Have a Thing to Do With) Nobody But Me
0%
When It All Goes South(2001) Simple as That
0%
Twentieth Century(1999) Small Stuff
0%
In Pictures(1995) Spin the Wheel
0%
Pass It on Down(1990) Starting Tonight
0%
When It All Goes South(2001) Start Living
0%
Cheap Seats(1993) Still Goin' Strong
0%
In Pictures(1995) Sunday Drive
0%
American Christmas(2017) Sure Could Use Some Christmas Around Here
0%
Mountain Music(1982) Take Me Down
0%
Just Us(1987) Tar Top
0%
Christmas(1985) Tennessee Christmas
0%
Cheap Seats(1993) That Feeling
0%
Christmas Vol. II(1996) The Blessings
0%
Southern Star(1989) The Borderline
0%
Roll On(1984) The Boy
0%
Christmas Vol. II(1996) The Christmas Spirit
0%
Roll On(1984) The End of the Lyin'
0%
Greatest Hits(1986) The Fans
0%
In Pictures(1995) The Maker Said Take Her
0%
Greatest Hits Vol. II(1991) Then Again
0%
Christmas Vol. II(1996) The Night Before Christmas
0%
Twentieth Century(1999) Then We Remember
0%
Angels Among Us: Hymns & Gospel Favorites(2014) The Old Rugged Cross
0%
Songs of Inspiration II(2007) The Refrain of John Dillon James
0%
Roll On(1984) (There's A) Fire in the Night
0%
When It All Goes South(2001) The Woman He Loves
0%
Southern Drawl(2015) This Ain't Just a Song
0%
Cheap Seats(1993) This Love's on Me
0%
Christmas(1985) Thistlehair The Christmas Bear
0%
Wildcountry(1976) Tied to the Music
0%
Christmas(1985) Tonight Is Christmas
0%
Twentieth Century(1999) Too Much Love
0%
The Touch(1986) True, True Housewife
0%
Pass It on Down(1990) Until It Happens to You
0%
The Touch(1986) Vacation
0%
The Closer You Get...(1983) Very Special Love
0%
Southern Drawl(2015) Wasn't Through Lovin' You Yet
0%
Greatest Hits Vol. III(1994) We Can't Love Like This Anymore
0%
Twentieth Century(1999) We Made Love
0%
Angels Among Us: Hymns & Gospel Favorites(2014) What a Friend We Have in Jesus
0%
The Closer You Get...(1983) What in the Name of Love
0%
Songs of Inspiration(2006) What Will I Leave Behind
0%
Songs of Inspiration II(2007) When It Comes My Time
0%
Christmas Vol. II(1996) When It Comes to Christmas
0%
Roll On(1984) When We Make Love
0%
American Christmas(2017) Why Can't Christmas Day Last All Year Long
0%
When It All Goes South(2001) Will You Marry Me
0%
Feels So Right(1981) Woman Back Home
0%
When It All Goes South(2001) Wonderful Waste of Time
0%
Mountain Music(1982) Words at Twenty Paces
0%
Twentieth Century(1999) Write It Down In Blue
0%
When It All Goes South(2001) You Only Paint the Picture Once
0%
Just Us(1987) You're My Explanation for Living
0%
Mountain Music(1982) You Turn Me On
0%
No matching quizzes found
Score Distribution
Percent of People with Each Score
Percentile by Number Answered
Your Score History
You have not taken this quiz